Toutes les communes des cantons de la Roche-sur-Yon (85) - Statistiques

Statistiques générales
  • Ce quiz a été pris 31 fois
  • Le résultat moyen est 4 sur 8
Réponses sur la Carte
Les réponses sont colorées sur une échelle allant du rouge au vert en fonction du pourcentage des utilisateurs qui les ont devinées à leur premier essai. Vous pouvez retrouver ces pourcentages ci-dessous.
 
Statistiques - réponses
Commune % Correct
Mouilleron-le-Captif
79%
La Roche-sur-Yon
71%
Dompierre-sur-Yon
64%
Aubigny-les Clouzeaux
43%
La Chaize-le-Vicomte
43%
Landeronde
43%
Nesmy
43%
Venansault
43%
Aucun quiz correspondant
Distribution des résultats
% des personnes avec chaque résultat
Percentile par nombre de réponses
Votre historique - résultats
Vous n’avez pas pris ce quiz